LEAN FOR THE PUBLIC SECTOR THE PURSUIT OF PERFECTION IN V (Record no. 20645)
[ view plain ]
| 000 -LEADER | |
|---|---|
| fixed length control field | 00366nam a2200133Ia 4500 |
| 008 - FIXED-LENGTH DATA ELEMENTS--GENERAL INFORMATION | |
| fixed length control field | 240624s9999 xx 000 0 und d |
| 041 ## - LANGUAGE CODE | |
| Language code of text/sound track or separate title | eng |
| 082 ## - DEWEY DECIMAL CLASSIFICATION NUMBER | |
| Classification number | 352.34 TEE |
| 100 ## - MAIN ENTRY--PERSONAL NAME | |
| Personal name | TEEUWEN BERT |
| 245 ## - TITLE STATEMENT | |
| Title | LEAN FOR THE PUBLIC SECTOR THE PURSUIT OF PERFECTION IN V |
| 260 ## - PUBLICATION, DISTRIBUTION, ETC. | |
| Date of publication, distribution, etc. | 2011 |
| Place of publication, distribution, etc. | London |
| Name of publisher, distributor, etc. | CRC Press |
| 300 ## - PHYSICAL DESCRIPTION | |
| Extent | xvii, : 205 : p. : cm. ; 25 |
| 365 ## - TRADE PRICE | |
| Currency code | GBP |
| Price amount | 26 |
| Withdrawn status | Lost status | Damaged status | Not for loan | Home library | Current library | Shelving location | Date acquired | Source of acquisition | Cost, normal purchase price | Full call number | Barcode | Date last seen | Copy number | Price effective from | Koha item type |
|---|---|---|---|---|---|---|---|---|---|---|---|---|---|---|---|
| IMTN | IMTN | Rack 15-A | 12/13/2012 | TB | 19.95 | 352.34 TEE | 20645 | 06/24/2024 | 92.9 | 06/24/2024 | Books |